000 01195cam a22002894a 4500
001 15535019
003 GBCCL
005 20241126110349.0
008 081125s2009 miua b 001 0 eng
010 _a 2008051072
020 _a9780801026607 (pbk.)
040 _aDLC
_cDLC
_dDLC
050 0 0 _aBV2063
_b.M73 2009
082 0 0 _a266.001
_222
_bMUC
100 1 _aMuck, Terry C.,
_d1947-
_91505
245 1 0 _aChristianity encountering world religions :
_bthe practice of mission in the twenty-first century /
_cTerry Muck, Frances Adeney.
260 _aGrand Rapids, Mich. :
_bBaker Academic,
_cc2009.
300 _a407 p. :
_bill. ;
_c23 cm.
490 0 _aEncountering mission
504 _aIncludes bibliographical references (p.386-396) and index.
650 0 _aMissions
_xTheory.
_948
650 0 _aChristianity and other religions.
_912
700 1 _aAdeney, Frances S.
_91506
906 _a7
_bcbc
_corignew
_d1
_eecip
_f20
_gy-gencatlg
942 _2ddc
_cBK
_08
999 _c939
_d939